Statistics for AQA GCSE English Literature: London

Click here to take the quiz!

General Stats

  • This quiz has been taken 12 times
  • The average score is 6 of 16

Answer Stats

No.Line% Correct
4Marks of weakness, marks of woe.
86%
1I wander through each chartered street,
71%
3And mark in every face I meet,
57%
11And the hapless soldier's sigh
57%
5In every cry of every man,
57%
12Runs in blood down palace walls.
57%
6In every infant's cry of fear,
43%
7In every voice, in every ban,
43%
2Near where the chartered Thames does flow,
43%
8The mind-forged manacles I hear:
43%
9How the chimney-sweeper's cry,
29%
16And blights with plagues the marriage hearse.
14%
10Every black'ning church appalls,
14%
15Blasts the new-born infant's tear,
0%
13But most through midnight streets I hear
0%
14How the youthful harlot's curse
0%

Score Distribution

Percentile by Number Answered

Percent of People with Each Score

Your Score History

You have not taken this quiz